| LEADER |
01300nam0a2200229 450 |
| 001 |
16820402 |
| 010 |
|
|
|a 978-2-266-23968-4
|b br.
|d 15,2
|
| 100 |
|
|
|a 20140305d2026 u u0frey01 ba
|
| 101 |
1 |
|
|a fre
|c eng
|
| 102 |
|
|
|a FR
|
| 200 |
0 |
|
|a Soleil levant
|f Erin Hunter
|g traduit de l'anglais par Aude Carlier
|
| 207 |
|
1 |
|a
|
| 210 |
|
|
|a Paris
|c PKJ
|d impr. 2014
|
| 215 |
|
|
|a 1 vol. (355 p.)
|c ill., couv. ill. en coul.
|d 23 cm
|
| 225 |
1 |
|
|a La guerre des clans
|i Le pouvoir des étoiles
|v livre
|
| 330 |
|
|
|a Pelage de Granit a été assassiné. Tandis que la nouvelle jette le trouble dans le Clan du Tonnerre, un doute agite en secret Nuage de Houx et ses frères. Peuvent-ils être les élus dont parle la prophétie, alors qu'ils ont été adoptés et qu'ils n'appartiennent pas à la lignée du meneur ? Le Clan des Etoiles observe, impuissant, les ravages provoqués par les mensonges autour de leur naissance. La vérité doit éclater, même si elle a des conséquences dramatiques pour tout le clan?
|
| 461 |
|
0 |
|t La guerre des clans Cycle III. Le pouvoir des étoiles
|v 6
|
| 700 |
|
0 |
|a Hunter
|b Erin
|4 70
|
| 702 |
|
0 |
|a Carlier
|b Aude
|4 730
|
| 900 |
|
|
|a Roman enfant
|
| 901 |
|
|
|a Accessible au prêt
|
| 995 |
|
|
|a Bibliothèque
|c Bibliothèque
|f 024015437
|h 024015437
|k E C2 HUN III.6
|o p
|q j
|r az
|e Bibliothèque
|